Responses for Show #6748 - Wednesday, January 8, 2014

Contestants

[<< previous game]

Julia Dye, a vice president of production from North Hills, California

Dinu Nesan, a postdoctoral fellow and university lecturer from Toronto, Ontario, Canada

Andrew Nelson, an antiquarian bookseller from New Bedford, Massachusetts (whose 1-day cash winnings total $12,000)

[next game >>]

Jeopardy! Round responses

MASCOTS
ADJECTIVAL COUNTRY NAMES
PLAYING LINCOLN
FICTIONAL WITCHES
I'M JUST WILD ABOUT "ARRY"
LOOK! UP IN THE SKY! IT'S...
    $200 1
Arizona

Julia
    $200 17
the United Kingdom

Julia
    $200 28
Daniel Day-Lewis

Julia
    $200 2
Harry Potter

Julia
    $200 11
parry

Dinu
    $200 3
the Northern Lights

Julia
    $400 7
a penguin

Andrew
    $400 18
South Africa

Dinu
    $400 29
Illinois

Andrew
    $400 25
the weird sisters

Julia
    $400 12
carrying

Dinu
    $400 4
a meteor

Dinu
    $600 8
Michelin

Dinu
    $600 19
(Andrew: What is St. Vincent?)

Dominican Republic

AndrewJulia
    $600 22
Killing Lincoln

Dinu
    $600 24
Narnia

Andrew
    $600 13
tarry

Julia
    $600 5
starlings

Dinu
    $800 9
Mario

Dinu
    $800 20
New Zealand

Andrew
    $800 23
(Julia: Who is Howard Hughes?)

D.W. Griffith

Julia
Triple Stumper
    $1,000 26
(Alex: [*] is right. Less than a minute now.)

Salem

Julia
    $800 14
marry

Dinu
    $800 6
Andromeda

Triple Stumper
    $1000 10
a tree

Triple Stumper
    $1000 21
Equatorial Guinea

Dinu
    $1000 30
(Alex: He starred as Captain Ahab--[*].)

Gregory Peck

Triple Stumper
    $1000 27
The Witches of Eastwick

Andrew
    $1000 15
a glengarry cap

Triple Stumper
    $1000 16
Airbus

Julia

Scores at the first commercial break (after clue 15):

Andrew Dinu Julia
$400 $3,800 $1,200

Scores at the end of the Jeopardy! Round:

Andrew Dinu Julia
$2,600 $5,800 $3,800

Double Jeopardy! Round responses

(Alex: Notice the spelling there...)
MAINE STAYS
IN THE FUNNY PAPERS
THE ORIGINAL T-PAINE
FROM "G" TO "G"
BIBLICAL FATHERS & SONS
BRINGING UP BABY
    $400 1
(Andrew: Who is George Bush?)
(Alex: Be more specific.)

George H.W. Bush

Andrew
    $400 19
(Andrew: Who is Linus?)

Schroeder

AndrewDinu
    $400 6
Reason

Julia
    $400 7
Gang

Andrew
    $400 13
(Andrew: Who is Methuselah?)

Abraham

AndrewDinu
    $400 14
a stroller

Andrew
    $800 2
Thoreau

Andrew
    $800 20
(Garry) Trudeau

Julia
    $800 12
taxes

Julia
    $800 8
a groundhog

Julia
    $800 24
Noah

Julia
    $800 15
Gerber

Dinu
    $1200 3
Franklin Pierce

Andrew
    $1200 21
Cathy

Dinu
    $1200 27
(Andrew: What is the absurd?)

the ridiculous

Andrew
Triple Stumper
    $1200 9
the Gulag

Andrew
    $1200 25
(Alex: Yes, with less than a minute to go.)

John the Baptist

Dinu
    $1200 16
D

Julia
    $2,000 4
Doris Kearns Goodwin

Andrew
    $1600 22
(Andrew: Who is Jim Henson?)

Jim Davis

Andrew
Triple Stumper
    $100 28
[The end-of-round signal sounds.]

Louis XVI

Dinu
    $1600 10
Gothenburg

Andrew
    $1600 26
Jacob

Triple Stumper
    $1600 17
"No More Tears"

Julia
    $2000 5
[Applause for Andrew's run of the category]

Winslow Homer

Andrew
    $2000 23
Mutts

Triple Stumper
    $2000 11
(Julia: What is Goetterammedung--
(Alex: No.)
(Julia:--[*]?)
(Alex: No.)
...
(Alex: We ruled on you on the first response--sorry--even though you corrected yourself.)

Goetterdaemmerung

Julia
Triple Stumper
    $2000 18
(Alex: When he has infant [*] and is really, really upset.)

colic

Triple Stumper

Scores at the end of the Double Jeopardy! Round:

Andrew Dinu Julia
$9,000 $9,900 $8,200

[wagering suggestions for these scores]

Final Jeopardy! Round responses

2013 OBITUARIES
JuliaWho was Margaret Thatcher
$1,701
AndrewWho is ?
$7,401
DinuWho is Thatcher
$8,101
Margaret Thatcher

Final scores:

Andrew Dinu Julia
$1,599 $18,001 $9,901
3rd place: $1,000 New champion: $18,001 2nd place: $2,000

Game dynamics:

Coryat scores:

Andrew Dinu Julia
$8,600 $11,400 $8,000
14 R
(including 1 DD),
5 W
16 R
(including 1 DD),
0 W
17 R
(including 1 DD),
2 W

Combined Coryat: $28,000

[game clues] [game scores] [suggest correction]

Game tape date: 2013-11-05
The J! Archive is created by fans, for fans. Scraping, republication, monetization, and malicious use prohibited; this site may use cookies and collect identifying information. See terms. The Jeopardy! game show and all elements thereof, including but not limited to copyright and trademark thereto, are the property of Jeopardy Productions, Inc. and are protected under law. This website is not affiliated with, sponsored by, or operated by Jeopardy Productions, Inc. Join the discussion at JBoard.tv.